| 000 | 00412 a2200133 4500 | ||
|---|---|---|---|
| 005 | 20250614132134.0 | ||
| 020 | _a0-07-030868-3 | ||
| 082 | _a005.133 HUB | ||
| 100 | _aHUBBARD, J. R. | ||
| 245 | _aSchaum's Outline of Theory and Problems of Fundamentals of Computing with C++ | ||
| 260 |
_aNew York, _bMcGraw-Hill, _c1998. |
||
| 300 |
_aviii, 356p.: ill.; figure, table _bIndex & Reference _c27cm. |
||
| 942 |
_2ddc _cBKS |
||
| 999 |
_c4085 _d4085 |
||